00719 a2200169 4500003000500000005001700005040000900022082001200031100002900043245009100072260003200163300001500195505028400210538002900494650001400523651001200537Nust20170207153219.0 cNust a621.382 aAhmed, Furqan (MSEE-11) aA direct digital frequency synthesizer based frequency hopping systemcFurqan Ahmed  bMCS, NUSTc2008aRawalpindi aix,56 ,p.; aIntroduction (page-1) Frequency synthesizers for frequency hopped systems (page-15) Design and performance analysis of DDFS based frequency hopped system (page-23) Performance enhancement by using dynamic adaptive frequency hopping (page-42) Conclusion and future work (page-52). aAlmirah No 69 Shelf No 2 aMS Thesis aMSEE-11